Statistics for Formula 1 tracks

Click here to take the quiz!

General Stats

  • This quiz has been taken 893 times
  • The average score is 31 of 69

Answer Stats

Track name (or city) % Correct
Silverstone Circuit
90%
Autodromo Nazionale Monza
87%
Circuit de Monaco
85%
Albert Park
85%
Circuit de Spa-Francorchamps
85%
Circuit de Catalunya
79%
Hockenheimring
77%
Marina Bay
76%
Nürburgring
75%
Autodromo Enzo e Dino Ferrari
73%
Suzuka Circuit
73%
Yas Marina Circuit
73%
Hungaroring
72%
Circuit Gilles Villeneuve
71%
Bahrain International Circuit
69%
Autódromo José Carlos Pace
68%
Circuit of the Americas
68%
Sepang International Circuit
66%
Shanghai International Circuit
65%
Autódromo Hermanos Rodríguez
64%
Red Bull Ring (former A1-ring or Österreichring)
63%
Indianapolis Motor Speedway
63%
Montjuïc circuit
57%
Valencia Street Circuit
57%
Adelaide Street Circuit
54%
Pedrables Circuit
53%
Circuit de Nevers Magny-Cours
53%
Brands Hatch
52%
Fuji Speedway
52%
Circuito de Jerez
48%
Istanbul Park
48%
Circuit Paul Ricard
47%
Autódromo Juan y Oscar Gálvez
45%
Korea International Circuit
43%
Circuit Park Zandvoort
43%
Caesars Palace
41%
Detroit Street Circuit
41%
Autodromo do Estoril
40%
Donington Park
37%
Fair Park
37%
Autódromo Internacional Nelson Piquet
36%
Kyalami
34%
Watking Glen
34%
Buddh International Circuit
34%
Bugatti Circuit
33%
Long Beach street circuit
33%
Circuit Zolder
32%
Automobil-Verkehrs- und Übungsstraße (AVUS)
29%
Phoenix street citcuit
26%
Ain-Diab Circuit
24%
Aintree Motor Racing Circuit
23%
Dijon-Prenois
23%
Pescara Circuit
20%
Circuito del Jarama
19%
Circuito de Monsanto
17%
Reims-Gueux
17%
Tanaka International Circuit
17%
Sebring International Raceway
15%
Mosport International Raceway
15%
Zeltweg Airfield
13%
Scaninavian Raceway
13%
Circuito de Boavista
13%
Rouen-Les Essarts
13%
Charade Circuit
12%
Circuit Bremgarten
12%
Prince George Circuit
11%
Nivelles-Baulers
10%
Circuit Mont-Tremblant
10%
Riverside International Raceway
9%

Score Distribution

Percentile by Number Answered

Percent of People with Each Score

Your Score History

You have not taken this quiz